Statistics for Top 10 Imagine Dragons songs by popularity

Click here to take the quiz!

General Stats

  • This quiz has been taken 211 times
  • The average score is 7 of 10

Answer Stats

ViewsSong% Correct
912MRadioactive
95%
575MBeliever
93%
773MThunder
89%
632MDemons
87%
350MWhatever It Takes
67%
357MIt's Time
62%
217MOn Top Of The World
59%
54MGold
47%
56MShots
41%
123MI Bet My Life
40%

Score Distribution

Percentile by Number Answered

Percent of People with Each Score

Your Score History

You have not taken this quiz